000 00536cam a2200181 4500500
005 20260329003328.0
041 _afre
042 _adc
100 1 0 _aFereday, Jack
_eauthor
245 0 0 _aMission impensable. Les stoïciens
260 _c2015.
500 _a76
690 _aChrysippe
690 _aDestin
690 _aStoïcisme
786 0 _nPhilosophie magazine | 90 | 6 | 2015-06-01 | p. 49-50 | 1951-1787
856 4 1 _uhttps://shs.cairn.info/magazine-philosophie-magazine-2015-6-page-49?lang=fr&redirect-ssocas=7080
999 _c1823577
_d1823577